This, But Not That XXVIII Quiz Stats

 Plays Quiz Updated Apr 9, 2021

Support Sporcle.
Go Orange.
Score 0/18 Timer 05:00
5 Plays Today
% Correct
Baby Animal Names
90.2%
Currencies
90%
Forms of Ice
87.8%
Texas Tourist Attractions
87.2%
Slang Terms for a Woman
86.6%
Actors Who Have Played Neil Armstrong
83.2%
Sitcom Spinoffs
81.4%
Units of Frequency
81%
Star Trek Ships
80.3%
% Correct
Synonyms for ''Tease''
80%
Parts of the Leg
80%
Rental Car Companies
76.1%
Types of Tents
72.6%
Characters from Star Wars VII-IX
71.5%
Gun Manufacturers
70.9%
Colleges in Boston
69.9%
Strong Desires
69.3%
Famous Poets
60.2%

You're not logged in!

Compare scores with friends on all Sporcle quizzes.
OR
Log In

From the Vault

Which Adams?

by cwfuturewrestler

In an alternate history, we got president Addams, and the US was way spookier.
Remove Ads.
Support Sporcle.
Get the best of Sporcle when you Go Orange. This ad-free experience offers more features, more stats, and more fun while also helping to support Sporcle. Thank you for becoming a member.

Show Comments

Extras

Top Quizzes Today


Score Distribution

Your Account Isn't Verified!

In order to create a playlist on Sporcle, you need to verify the email address you used during registration. Go to your Sporcle Settings to finish the process.

Report this User

Report this user for behavior that violates our Community Guidelines.

Details: